DJ Quik Discography - Statistics

General Stats
  • This quiz has been taken 5 times
  • The average score is 15 of 22
Answer Stats
Year Name Type % Correct
1991 Quik is the Name Album
100%
1998 Rhythm-al-ism Album
100%
1995 Safe + Sound Album
100%
1992 Way 2 Fonky Album
100%
2000 Balance & Options Album
80%
2016 Rosecrans EP
80%
2011 The Book of David Album
80%
1987 The Red Tape Mixtape
80%
2005 Trauma Album
80%
2002 Under tha Influence Album
80%
2009 Blaqkout Collaborative Album
60%
2006 Greatest Hits: Live at the House of Blues Live Album
60%
2002 The Best of DJ Quik: Da Finale Compilation
60%
2008 The Death Row Sessions EP EP
60%
2014 The Midnight Life Album
60%
2005 The Trauma Mixtape Mixtape
60%
2006 Trauma Instrumentals Instrumental Album
60%
2006 Born and Raised in Compton: The Greatest Hits Compilation
40%
2020 Nicky Bajjetta Lifestyle Album
40%
2004 Platinum & Gold Collection Compilation
40%
2017 Rosecrans: The Album Collaborative Album
40%
2011 The Auto Biography of David Mixtape
40%
No matching quizzes found
Score Distribution
Percent of People with Each Score
Percentile by Number Answered
Your Score History
You have not taken this quiz